000 00360 a2200157 4500
001 72549
020 _a8572080619
040 _cAnchieta - Colégio São Paulo
100 _aViana, Viviana de Assis
240 1 0 _aSegredo bem guardado
_lpor
245 1 0 _aSegredo bem guardado
300 _a12
362 0 _a1991
650 4 _aLiteratura juvenil
942 _cBK
999 _c72549
_d72549